Teoría del derecho
Αποθηκεύτηκε σε:
| Κύριος συγγραφέας: | |
|---|---|
| Μορφή: | Βιβλίο |
| Γλώσσα: | Ισπανικά |
| Έκδοση: |
Santiago, Chile:
Jurídica,
1984
|
| Έκδοση: | 2a. ed |
| Θέματα: | |
| Ετικέτες: |
Προσθήκη ετικέτας
Δεν υπάρχουν, Καταχωρήστε ετικέτα πρώτοι!
|
MARC
| LEADER | 00000nam a2200000 a 4500 | ||
|---|---|---|---|
| 001 | UCY0758 | ||
| 003 | CL-VaPUC | ||
| 005 | 20250320155412.0 | ||
| 008 | 940812e19840000CL |||||||||||||||||spa|d | ||
| 999 | |c 229679 |d 229677 | ||
| 040 | |c Pontificia Universidad Católica de Valparaíso | ||
| 082 | 0 | 4 | |a 340.1 PAC 1984 |2 21 |
| 100 | 1 | |a Pacheco Gómez, Máximo |e autor |9 493315 | |
| 245 | 1 | 0 | |a Teoría del derecho |
| 246 | 1 | 0 | |a Introducción al derecho |
| 250 | |a 2a. ed | ||
| 260 | |a Santiago, Chile: |b Jurídica, |c 1984 | ||
| 300 | |a 865 páginas | ||
| 583 | |a last modification |c 19940812 00:00:00 |k Rodrigo Vera | ||
| 650 | 0 | |a Filosofía del derecho |9 255050 | |
| 650 | 0 | |a Sociología del derecho |9 254890 | |
| 650 | 0 | |a Normas jurídicas |9 258310 | |
| 650 | 0 | |a Fuentes del derecho |9 255162 | |
| 942 | |c BK |2 ddc | ||
| 945 | |d 19940812 00:00:00 |a aalvarez | ||
| 952 | |0 0 |1 0 |4 0 |6 340_100000000000000_PAC_1984 |7 0 |8 A |9 231110 |a BIBDER |b BIBDER |d 2019-11-15 |i 3006123 |o 340.1 PAC 1984 |p 3006123 |r 2023-01-25 |w 2019-11-15 |y BK |k DER | ||